| 000 | 00495nam a2200181Ia 4500 | ||
|---|---|---|---|
| 008 | 230917s9999||||xx |||||||||||||| ||und|| | ||
| 020 | _cRS729 | ||
| 040 |
_e256338 _aMAIN |
||
| 041 | _aEnglish | ||
| 082 | _a658.152 F522S(7) | ||
| 100 | _aFischer, Donald E | ||
| 245 | 0 | _aSecurity analysis portfolio management | |
| 250 | _a7th ed. | ||
| 260 |
_aNoida _bPearson India Education _c2019 |
||
| 300 | _axvi, 517 p. | ||
| 500 | _a3506 16/07/2019 HBD19/7864 20/07/2019 Main Budget | ||
| 942 | _cBK | ||
| 999 |
_c31694 _d31694 |
||